Yana Biul Islam (Record no. 1416)

MARC details
000 -LEADER
fixed length control field 00547nam a2200229 a 4500
020 ## - INTERNATIONAL STANDARD BOOK NUMBER
ISBN
082 00 - DEWEY DECIMAL CLASSIFICATION NUMBER
Classification number 239
Author Cutter TIS3
100 ## - MAIN ENTRY--AUTHOR NAME
Author name Tisdall, William
245 ## - TITLE STATEMENT
Title Yana Biul Islam
260 ## - PUBLICATION, DISTRIBUTION, ETC. (IMPRINT)
Place of publication Lahore
Name of publisher Punjab Religious Booksociety
Year of publication 1902
300 ## - PHYSICAL DESCRIPTION
Number of Pages 222p
500 ## - GENERAL NOTE
General note includes index and biblioraphy
650 ## - SUBJECT ADDED ENTRY--TOPICAL TERM
Topical Term Apologetics
942 ## - ADDED ENTRY ELEMENTS (KOHA)
Koha item type Books
700 1# -
-- Tisdall, William
Holdings
Home library Current library Date acquired Cost, normal purchase price Full call number Accession Number Koha item type
Henry Martyn Institute Library Henry Martyn Institute Library 04/19/2016 100.00 239 TIS3 4316 Archive Book
Henry Martyn Institute Library Henry Martyn Institute Library 04/19/2016 100.00 239 TIS3 4805 Archive Book
Henry Martyn Institute Library Henry Martyn Institute Library 04/19/2016 100.00 239 TIS3 5076 Archive Book
Henry Martyn Institute Library Henry Martyn Institute Library 04/19/2016 100.00 239 TIS3 5326 Archive Book
Henry Martyn Institute Library Henry Martyn Institute Library 04/19/2016 100.00 239 TIS3 7425 Archive Book
Henry Martyn Institute Library Henry Martyn Institute Library 04/19/2016 100.00 239 TIS3 8509 Archive Book
Henry Martyn Institute Library Henry Martyn Institute Library 04/19/2016 100.00 239 TIS3 10868 Archive Book
                   Copyright © 2026 | Henry Martyn Institute | Hyderabad | TS-500052 | INDIA | Implemented by hmi.edu.in
Hit-Count:

Powered by Koha